000 00707nam a2200205 i 4500
001 91841
003 ES-MaACL
005 20230906180831.0
007 t|
008 050223s2004 sp ||||1| spa d
020 _a84-923417-2-6
080 _a821.111(540) Mukherjee, Bharati 1.07
100 1 _aPeco González, Laura.
_989859
245 1 0 _aBharati Mukherjee
_b: del exilio a la asimilación femenina /
_cLaura Peco González.
260 _a[Madrid :
_bAgrupación de Estudios sobre la Mujer Clara Campoamor,
_c2004]
300 _a153 p. ;
_c21 cm.
504 _aBibliografía: p. 130-153.
600 1 4 _aMukherjee, Bharati-
_xCrítica e interpretación.
_984095
852 _aES-MaACL
_jL-28898
_bR.135236
999 _c91841
_d91841